000 00526nam a22001577a 4500
003 macl
005 20180404124946.0
008 180404b xxu||||| |||| 00| 0 eng d
040 _cmacl
082 _a891.431/PRA/P
100 _aप्रवीन , योगेश
_971636
245 _aअपराजिता
260 _aचैन्‍नई
_bतमिलनाडु हिन्‍दी साहित्‍य अकादमी
_c2015
650 _aमहा‍काच्‍य
_971637
942 _2ddc
_cHIN
999 _c57433
_d57433